000 002800000a22001450004500
005 20120302063548.0
942 _cBOOK
100 _a
_a
_b
_c
245 _a Dnyaneshwar Tryamasik
260 _a
_b
_c
300 _a96p.
040 _aMar
365 _b20/-
650 _aStree sant
999 _c359842
_d359839